000 00719nam a2200217Ii 4500
003 JO-AjNU
008 230605s9999||||xx |||||||||||||| ||und||
017 _a2011/6/2422
040 _aJO-AjNU
_bara
_erda
_cJO-AjNU
041 _aara
050 1 4 _aPJ8062.Z83 2011
100 3 _aاعداد الزعبي، أحمد شريف,
_eauthor
_959292
245 0 0 _aحكايا شعبية أردنية
250 _aط1
264 3 1 _aاربد: عالم الكتب الحديث للنشر والتوزيع،2011
300 _a253ص
336 _atext
_btxt
_2rdacontent
337 _aunmediated
_bn
_2rdamedia
338 _avolume
_bnc
_2rdacarrier
650 4 _aقصص شعبية- الادب الشعبي- الاردن
_959293
999 _aA26674
_c30242
_d30242